<The> Directory of MBAs Academic Year 1996/1997

Na minha lista:
Detalhes bibliográficos
Formato: Livro
Idioma:inglês
Publicado em: London Edition XII Limited 1995
Edição:1. ed.
Colecção:Edition Twelve Guide
Assuntos:
Tags: Adicionar Tag
Sem tags, seja o primeiro a adicionar uma tag!

MARC

LEADER 00000nam a2200000 4500
001 c014433
005 20221205132852.0
020 |a 1-86149-000-9 
041 0 |a eng 
044 |a GB 
245 1 0 |a <The> Directory of MBAs  |b Academic Year 1996/1997 
250 |a 1. ed. 
264 1 |a London  |b Edition XII Limited  |c 1995 
300 |a 307 s. 
490 1 |a Edition Twelve Guide 
830 0 |a Edition Twelve Guide 
610 2 0 |a ekonómia 
610 2 0 |a ekonómovia 
610 2 0 |a školy vysoké 
610 2 0 |a štúdium vysokoškolské 
610 2 0 |a svet 
610 2 0 |a 1996-1997